Analýza využitia technológií xDSL s prihliadnutím na začlenenie do konvergovanej siete NGN

Enregistré dans:
Détails bibliographiques
Auteur principal: Konôpka, Matej, 1990- (Auteur)
Autres auteurs: Čuchran, Ján, 1936- (Directeur de thèse)
Format: Manuscrit Livre
Langue:slovaque
Publié: Bratislava : STU v Bratislave FEI, 2011
Sujets:
Accès en ligne:VAIS
Tags: Ajouter un tag
Pas de tags, Soyez le premier à ajouter un tag!

MARC

LEADER 00000ntm a22000003a 4500
001 stu231054
005 20150617230138.5
008 110712s2011----xo------------------slo-d
040 |a STU  |b slo 
041 0 |a slo 
044 |a xo 
100 1 |a Konôpka, Matej,  |d 1990-  |4 aut  |u E  |T FEI Fakulta elektrotechniky a informatiky  |X 55874  |U E  |Y 30  |7 A000055874 
242 0 0 |a Analysis of xDSL technologies with taking in account of integration into converged NGN network  |y eng 
245 1 |a Analýza využitia technológií xDSL s prihliadnutím na začlenenie do konvergovanej siete NGN  
260 |a Bratislava :  |b STU v Bratislave FEI,  |c 2011 
300 |a 54 s 
650 7 |a xDSL  |2 stusub 
650 7 |a technológie  |2 stusub 
650 7 |a technologies  |2 estusub 
650 7 |a vedenie  |2 stusub 
650 7 |a Telekomunikácie  |2 stusub 
650 7 |a Telecommunications  |2 estusub 
700 1 |a Čuchran, Ján,  |d 1936-  |4 ths  |u E070  |U FEI Fakulta elektrotechniky a informatiky  |T FEI Ústav telekomunikácií  |X 2200  |U E070  |Y 818  |7 A000002200 
856 4 |a info a plný text  |u http://is.stuba.sk/zp/portal_zp.pl?podrobnosti=56466  |3 VAIS 
996 |b 284ER00487  |c E*Bc-487  |l EE16  |s P  |a 0  |w stu231054_0001